| 000 | 01081cam a22003134a 4500 | ||
|---|---|---|---|
| 999 |
_c750 _d750 |
||
| 001 | 14428150 | ||
| 003 | OSt | ||
| 005 | 20170213134851.0 | ||
| 008 | 060626s2005 nr b 000 0 eng | ||
| 010 | _a 2006432048 | ||
| 020 | _a9780020020 | ||
| 040 |
_aDLC _cState House Library,Abuja _dState House Library,Abuja. |
||
| 042 | _apcc | ||
| 043 | _af-nr--- | ||
| 050 | 0 | 0 |
_aHF1616.7 _b.N56 2005 |
| 245 | 0 | 0 |
_aNigeria's international economic relations / _c[edited by U. Joy Ogwu, R. O. Olaniyan]. |
| 250 | _a2nd ed. | ||
| 260 |
_aLagos : _bNigerian Institute of International Affairs, _cc2005. |
||
| 300 |
_axxv, 530 p. ; _c22 cm. |
||
| 504 | _aIncludes bibliographical references. | ||
| 651 | 0 |
_aNigeria _xForeign economic relations. |
|
| 651 | 0 |
_aNigeria _xEconomic conditions _y1970- |
|
| 700 | 1 | _aOgwu, U. Joy. | |
| 700 | 1 | _aOlaniyan, R. Omotayo. | |
| 856 | 4 | 1 |
_3Table of contents only _uhttp://www.loc.gov/catdir/toc/fy0610/2006432048.html |
| 906 |
_a7 _bcbc _corignew _d3 _encip _f20 _gy-gencatlg |
||
| 942 |
_2ddc _cBK |
||
| 955 |
_amb14 2006-06-26 to SSCD _ise38 2006-07-06 |
||